000 00855cab a2200229 4500
001 WB3106-36
008 090401t1995 xxu||||| |||| 00| 0 eng d
035 _a(Sirsi) u72064
041 _aeng
245 _aConfusion over `empty rates`
260 _c1995
350 _a0
490 _aScotsman
_v9 February 1995, B1(1)
520 _aThe "Non-Domestic Rating (Unoccupied Property) (Scotland) Regulations 1994" will make commercial property in Scotland, empty for more than three months, liable for 50% of normal rates from 1 April 1995. The empty rate policy has been enforced in England and Wales for some years.
650 _aEMPTY RATES
650 _aNON-DOMESTIC RATES
650 _aNON-DOMESTIC RATING (UNOCCUPIED PROPERTY) (SCOTLAND) REGUL
650 _aSCOTLAND
690 _aRATING AND VALUATION
942 _n0
948 _c04/03/1997
999 _c45467
_d45467